| Tag |
First Indicator |
Second Indicator |
Subfields |
| LEADER |
00000cam a22000001 4500 |
| 001 |
in00000021710 |
| 005 |
20151007063713.0 |
| 008 |
711124s1965 nju b 00000 eng |
| 010 |
|
|
|a 65023303
|
| 035 |
|
|
|a (OCoLC)00711588
|
| 035 |
|
|
|9 AAD8043AM
|
| 040 |
|
|
|a DLC
|c DLC
|d TXA
|d UtOrBLW
|
| 049 |
|
|
|a TXAM
|c [465561]
|
| 050 |
0 |
0 |
|a PT8890
|b .F53
|
| 082 |
0 |
|
|a 839.8226
|
| 092 |
|
|
|a 839.8226
|b I14Yfj
|
| 100 |
1 |
|
|a Fjelde, Rolf.
|
| 245 |
1 |
0 |
|a Ibsen ;
|b a collection of critical essays.
|
| 264 |
|
1 |
|a Englewood Cliffs, N.J. :
|b Prentice-Hall,
|c [1965]
|
| 300 |
|
|
|a vi, 184 pages ;
|c 21 cm.
|
| 336 |
|
|
|a text
|b txt
|2 rdacontent
|
| 337 |
|
|
|a unmediated
|b n
|2 rdamedia
|
| 338 |
|
|
|a volume
|b nc
|2 rdacarrier
|
| 490 |
1 |
|
|a A Spectrum book: Twentieth century views
|
| 504 |
|
|
|a Bibliography: pages 183-184.
|
| 600 |
1 |
0 |
|a Ibsen, Henrik,
|d 1828-1906.
|
| 830 |
|
0 |
|a Twentieth century views.
|
| 999 |
|
|
|a MARS
|
| 999 |
f |
f |
|s 74ac7bd9-9c03-3eb0-905a-6b1e2354dce0
|i 0ffd7dca-78b8-3016-b179-92198de4c9d6
|t 0
|
| 952 |
f |
f |
|p normal
|a Texas A&M University
|b College Station
|c Sterling C. Evans Library
|d Evans: Library Stacks
|t 0
|e PT8890 .F53
|h Library of Congress classification
|i unmediated -- volume
|m A14801361189
|
| 998 |
f |
f |
|a PT8890 .F53
|t 0
|l Evans: Library Stacks
|